01743nam a2200241Ia 4500001000600000003000900006008004100015040001300056040001300069041001300082100003200095100002900127245007300156245007300229250001100302260001100313260002900324260004900353300005500402500097600457650003701433650003101470G9858IT-RoPAU130308s9999 xx 000 0 und d aIT-RoPAU cIT-RoPAU aITALIANO aCongregazione per Il Clero  gCodice Aut. SPICS: 56211 a"""Signore mio e Dio mio"": sacerdote, sei mistero di misericordia!" b"""Signore mio e Dio Mio"": Sacerdote, sei mistero di Misericordia!" a1a ed. aMILANO bPaoline Editoriale Libri c2001 [1° Ed.:2001 - Ed.Ling.Originale:2001] a"72 p. (prefazione: no ; testo: 72 [pagine: 0-0])" a"Riflessioni e preghiere Sul sacerdote e la Misericordia di Dio, Alla Luce della lettera del Santo padre Giovanni Paolo Ii Ai Sacerdoti per Il Giovedi'Santo 2001. Prefazione del Prefetto della Congregazione: Card. Dario Catrillon Hoyos. Sacerdote: sei Prezioso Agli Occhi di Dio. Autenticità della Testimonianza. Riconciliazione Sacramentale. Sacerdote, mistero di Misericordia. Atteggiamento Spirituale di Pietro. Sulla Parola di Gesu'. Signore, Tusai Tutto; Tu Sai che Ti Amo. Avvolti Dalla Misericordia. tutto è Grazia.Riscoprire Il Sacramento della Riconciliazione. tenerezza dell'Abbraccio del Padre. con Il Cuore Stesso di Cristo. Ministro della Riconciliazione. Riconciliazione, mistero di Cristo e della Chiesa. Riconciliazione e mistero Evangelico. nella gioia del Nostro Ministero. Meditazioni Sulla Misericordia. Meditazioni Sulla Confessione. Preghiera per la Santificazione dei Sacerdoti. Preghiera a Maria Santissima. Litanie della Divina Misericordia." aTESTI DI DOCUMENTI ECCLESIASTICI eCodice materia Spics: 9101